Medzinárodný obchod a trvalo udržateľný rozvoj: Príležitosti a riziká v rozvojových a najmenej rozvinutých krajinách bakalárska práca

Salvato in:
Dettagli Bibliografici
Autore principale: Vališ, Patrik
Ente Autore: Obchodná fakulta EU. Katedra medzinárodného obchodu
Altri autori: Juhás, Henrich, 1995-
Natura: Libro
Lingua:slovacco
Pubblicazione: Bratislava 2025
Tags: Aggiungi Tag
Nessun Tag, puoi essere il primo ad aggiungerne!!

MARC

LEADER 00000nbm a2200000 4500
001 0311021
005 20251106113100.0
041 0 |a slo 
044 |a SK 
245 1 0 |a Medzinárodný obchod a trvalo udržateľný rozvoj: Príležitosti a riziká v rozvojových a najmenej rozvinutých krajinách  |b bakalárska práca  |c Patrik Vališ ; školiteľ: Henrich Juhás 
264 1 |a Bratislava  |c 2025 
300 |a 42 s. 
100 1 |a Vališ, Patrik 
700 1 |a Juhás, Henrich, 1995- 
710 2 |a Obchodná fakulta EU. Katedra medzinárodného obchodu